00539nam a2200181 a 4500001001300000003000900013005001700022008004100039020002300080082001600103100002000119245008100139260005000220300000900270500003500279650002300314700002000337nice12345678IN_TiNIC20260116014033.0071218s2005 cama grp 000 0 eng  a0521617650 c95000a297.1bMAR1 aMarsden, Magnus aLiving Islamb Muslim Religious Experience in Pakistan`s North-West Frontier aCambridge bCambridge University Press c2005 a297p aincludes index and biblioraphy aIslam-20th Century1 aMarsden, Magnus